000 00684cam a2200229 a 4500
001 sa 68008479
003 DLC
005 20260227112532.0
008 980904s1958 ii 000 0 tam
010 _asa 68008479
040 _aDLC
_cDLC
041 1 _atam
_heng
050 0 0 _aPR5774.T5
_bT38
100 1 _aWells, H. G.
_q(Herbert George),
_d1866-1946.
240 1 0 _aTime machine.
_lTamil
245 1 0 _aKālayantiram /
_cEc. Ji. Vels ; mol̲ipeyarppu āciriyar, Pe. Nā. Appusvāmi.
250 _alst ed,
260 _aCen̲n̲ai :
_bPāri Nilaiyam,
_c1958.
300 _avi, 189 p. ;
_c19 cm.
546 _aIn Tamil.
700 1 _aAppuswami, P. N.
_q(Perungulam Narayana),
_d1891-
999 _c82412
_d82412